| 000 | 00522nam a22002057a 4500 | ||
|---|---|---|---|
| 001 | 00550 | ||
| 003 | DO-SdBNP | ||
| 005 | 20160620113343.0 | ||
| 007 | 00550 | ||
| 008 | 160620b sp 1998||||| |||| 00| 0 spa d | ||
| 020 | _a9788424110260 | ||
| 040 |
_aBPMSU _bspa _cBPMSU |
||
| 092 |
_axxxxxxxxx _bxxxxxxxxx |
||
| 245 | _aDiccionario cumbre de la lengua española | ||
| 250 | _a4a ed. | ||
| 260 |
_aEspaña : _bEverest, _c1998. |
||
| 300 |
_a637 p. : _c17 cm. |
||
| 942 |
_2ddc _cBK |
||
| 956 |
_aBTAVÁREZ _b10 _c20162006 _d00550 |
||
| 999 |
_c10442 _d10442 |
||